000 00315nam a2200133Ia 4500
008 140130s9999 xx 000 0 und d
245 _cNorman bridwell
_aClifford the Firehouse Dog
260 _bScholastic,
_c1994
300 _a28
440 _v1
521 _aGrade 1 - Grade 2
942 _cBK
999 _c40288
_d40288